| 000 | 00000nam##2200000za#4500 |
| 001 | 9.676341 |
| 003 | CaOODSP |
| 005 | 20210624225800 |
| 007 | cr ||||||||||| |
| 008 | 150407|1988||||xxc|||||o f|0| 0 eng|d |
| 040 | |aCaOODSP|beng |
| 041 | |aeng |
| 041 | |afre |
| 043 | |an-cn--- |
| 086 | 1 |aCS93-F0015-2/1988-PDF |
| 245 | 00|a1986 Census of Canada : urban forward sortation area profiles - part 1 : |h[electronic resource]|bQuebec |
| 260 | |aOttawa - Ontario : |bStatistics Canada |c1988. |
| 500 | |aHistorical census publication digitized by Statistics Canada. |
| 590 | |a13-07-Supp|b2013-03-25 |
| 690 | 07|aCensus|2gcpds |
| 710 | 2 |aStatistics Canada. |
| 792 | |tRecensement du Canada de 1986 : régions de tri d'acheminement urbaines profils - partie 1 : |efre|w(CaOODSP)9.676342 |
| 856 | 40|ahttp://publications.gc.ca|qPDF|s10.0 MB|uhttps://publications.gc.ca/collections/collection_2013/statcan/rh-hc/CS93-F0015-2-1988.pdf |